ČINNOSŤ SLOVENSKEJ SPELEOLOGICKEJ SPOLOČNOSTI ROKU 1986

Bibliographic Details
Main Author: Hlaváč, Jozef (Author)
Format: Article
Language:Slovak

MARC

LEADER 00000nab a2200000uu 4500
001 vtls011145916
003 SK-MaSNL
005 20260303145818.0
008 230222|1988 xo |||||||||||||||||slo|
015 |a SNBRB 
035 |a (urnnbn)urn:nbn:sk:snk:ar-008k3w 
035 |a (uuid)0ad9436a-a56c-4bcc-a0a0-ffe6c362ab4e 
035 |a urn:nbn:sk:snk-abawlp 
040 |a SNKBUCL  |b slo  |c SNKBUCL  |e AACR2 
041 0 |a slo 
044 |a xo  |c SK 
100 1 |a Hlaváč, Jozef  |4 aut  |9 7076 
245 1 0 |a ČINNOSŤ SLOVENSKEJ SPELEOLOGICKEJ SPOLOČNOSTI ROKU 1986  |c Jozef Hlaváč 
773 0 |t Slovenský kras : sborník Múzea slovenského krasu v Lipt. Mikuláši  |g Roč. 26, č. 1 (1988), s. 185-[197] 
954 |a odborná, vedecká literatúra pôvodná (slovenská)  |2 lita 
958 |a OND 
958 |a EUIPO 
958 |a article14 
999 |c 2005477  |d 2007407